000 01118nam a2200277Ia 4500
003 OSt
005 20221005105056.0
006 a|||||r|||| 00| 0
007 ta
008 221004b |||||||| |||| 00| 0 hin d
020 _a9789380172064 (pbk)
_cINR 125.00
024 _a38048
037 _b1513, 21/02/2018, Bookwell
_cTextual
040 _aCRL
_cCRL
_bhin
041 _2hin
_ahin
082 _aV2:17.N5, 152P9;Q6
100 _aराय, सत्या. एम., संपा.
245 0 _aभारत में उपनिवेशवाद और राष्ट्रवाद
246 _aBhārat mean upaniveshavād aur rāṣhṭravāda
260 _aदिल्ली
_bहिंदी माध्यम कार्यान्वय निदेशालय भारत
_c2016
300 _a680पृ0
_ccm.
650 _a राष्ट्रवाद
650 _aभारत-इतिहास
_9156353
942 _hV2:17.N5, 152P9;Q6
_cTEXL
_2cc
999 _c1014676
_d1014676